[Event "Muensterland Verbandsliga 2526"]
[Site "Germany"]
[Date "2026.03.14"]
[Round "7"]
[Board "6"]
[White "Sindermann, Erwin"]
[Black "Schmerling, Janek"]
[Result "1-0"]
[WhiteElo "1769"]
[BlackElo "1732"]
[WhiteFideId "-1"]
[BlackFideId "-1"]
[PlyCount "55"]
[GameId "2288631690191779"]
[EventDate "2025.??.??"]
[EventType "team-tourn"]
[EventRounds "9"]
[EventCountry "GER"]
[SourceTitle "Verband Muensterland"]
[SourceDate "2025.11.13"]
[SourceVersion "1"]
[SourceVersionDate "2025.11.13"]
[SourceQuality "1"]
[WhiteTeam "Duelmen"]
[BlackTeam "Ochtrup"]
[WhiteTeamCountry "GER"]
[BlackTeamCountry "GER"]

1. e4 e5 2. Nf3 Nc6 3. Bb5 a6 4. Ba4 Nf6 5. O-O b5 6. Bb3 Be7 7. Re1 d6 8. c3 Bg4 9. d3 O-O 10. Nbd2 Na5 11. Bc2 c5 12. h3 Bh5 13. Nf1 b4 14. Ng3 Bxf3 15. Qxf3 g6 16. Bh6 Re8 17. Ba4 Nd7 18. Qg4 Ra7 19. cxb4 cxb4 20. Rac1 Bf8 21. Be3 Rb7 22. Rc2 Re7 23. Rec1 b3 24. axb3 Nxb3 25. Bxb3 Rxb3 26. Rc8 Qa5 27. Bh6 Re6 28. Rxf8+ 1-0

[Event "Muensterland Verbandsliga 2526"]
[Site "Germany"]
[Date "2026.03.14"]
[Round "7"]
[Board "7"]
[White "Holtmannspoetter, Thomas"]
[Black "Reufer, Berthold"]
[Result "1-0"]
[WhiteElo "1738"]
[BlackElo "1593"]
[WhiteFideId "-1"]
[BlackFideId "-1"]
[PlyCount "111"]
[GameId "2288632427627527"]
[EventDate "2025.??.??"]
[EventType "team-tourn"]
[EventRounds "9"]
[EventCountry "GER"]
[SourceTitle "Verband Muensterland"]
[SourceDate "2025.11.13"]
[SourceVersion "1"]
[SourceVersionDate "2025.11.13"]
[SourceQuality "1"]
[WhiteTeam "Ochtrup"]
[BlackTeam "Duelmen"]
[WhiteTeamCountry "GER"]
[BlackTeamCountry "GER"]

1. e4 e6 2. d4 d5 3. Nd2 Bd7 4. Ngf3 Nc6 5. e5 Nge7 6. c3 Ng6 7. h4 h5 8. g3 f5 9. Be2 Nge7 10. Nb3 Ng8 11. Ng5 g6 12. Be3 Be7 13. Qd2 b6 14. Bb5 Bxg5 15. Bxg5 Nge7 16. Bf6 Rh7 17. Be2 Qc8 18. O-O-O Qb7 19. f3 O-O-O 20. g4 Rf8 21. gxh5 gxh5 22. Rdg1 Ng8 23. Bg5 Nge7 24. Bxe7 Nxe7 25. Rg5 Be8 26. Rhg1 Rfh8 27. Rg7 Qc6 28. Qd1 f4 29. Ba6+ Kb8 30. Bd3 Rxg7 31. Rxg7 Nf5 32. Bxf5 exf5 33. Qd2 Qh6 34. Rg5 Bd7 35. Qxf4 Rf8 36. Nd2 Be6 37. Nf1 Kb7 38. Ng3 Rg8 39. Kd2 Rxg5 40. hxg5 Qg6 41. Ke2 Ka6 42. Qh4 Bf7 43. Ke3 Kb5 44. Kf4 a5 45. Qh3 Kc6 46. Qxf5 Qg8 47. Qf6+ Kb7 48. Nf5 Qh7 49. Qg7 Bg6 50. Qxh7 Bxh7 51. Ng7 Bg6 52. Kg3 c5 53. f4 Kc7 54. f5 Bh7 55. g6 Bg8 56. f6 1-0

[Event "Muensterland Verbandsliga 2526"]
[Site "Germany"]
[Date "2026.03.14"]
[Round "7"]
[Board "8"]
[White "Liebing, Ingo"]
[Black "Kaiser, Guenter1"]
[Result "1-0"]
[WhiteElo "1718"]
[BlackElo "1584"]
[WhiteFideId "-1"]
[BlackFideId "-1"]
[PlyCount "45"]
[GameId "2288634140361781"]
[EventDate "2025.??.??"]
[EventType "team-tourn"]
[EventRounds "9"]
[EventCountry "GER"]
[SourceTitle "Verband Muensterland"]
[SourceDate "2025.11.13"]
[SourceVersion "1"]
[SourceVersionDate "2025.11.13"]
[SourceQuality "1"]
[WhiteTeam "Duelmen"]
[BlackTeam "Ochtrup"]
[WhiteTeamCountry "GER"]
[BlackTeamCountry "GER"]

1. d4 d5 2. Bf4 Nf6 3. e3 c5 4. Nf3 Nc6 5. Nbd2 e6 6. c3 Bd6 7. Ne5 Qe7 8. Bd3 O-O 9. O-O Nd7 10. Nxd7 Bxd7 11. Bxd6 Qxd6 12. dxc5 Qxc5 13. Bxh7+ Kxh7 14. Qh5+ Kg8 15. Ne4 Qb6 16. Ng5 Rfd8 17. Qxf7+ Kh8 18. Qg6 Kg8 19. f4 Ne7 20. Qf7+ Kh8 21. Rf3 Nf5 22. Rh3+ Nh6 23. Rxh6+ 1-0

[Event "Muensterland Verbandsliga 2526"]
[Site "Germany"]
[Date "2026.03.14"]
[Round "7"]
[Board "1"]
[White "Jansen, Dirk"]
[Black "Brands, Julian"]
[Result "1-0"]
[WhiteElo "1990"]
[BlackElo "1832"]
[WhiteFideId "-1"]
[BlackFideId "-1"]
[PlyCount "39"]
[GameId "2287852932051072"]
[EventDate "2025.??.??"]
[EventType "team-tourn"]
[EventRounds "9"]
[EventCountry "GER"]
[SourceTitle "Verband Muensterland"]
[SourceDate "2025.11.13"]
[SourceVersion "1"]
[SourceVersionDate "2025.11.13"]
[SourceQuality "1"]
[WhiteTeam "Muenster SK IV"]
[BlackTeam "Gescher"]
[WhiteTeamCountry "GER"]
[BlackTeamCountry "GER"]

1. c4 Nf6 2. Nc3 c5 3. Nf3 Nc6 4. e3 e6 5. d4 cxd4 6. exd4 d5 7. c5 a6 8. Bd3 g6 9. Bf4 Nh5 10. Be3 Bg7 11. Qd2 Bd7 12. O-O Rc8 13. Rfe1 O-O 14. Bh6 Qf6 15. Bg5 Qxf3 16. gxf3 Nxd4 17. Be2 Rfe8 18. Rac1 Rxc5 19. Be3 Nxe2+ 20. Nxe2 1-0

[Event "Muensterland Verbandsliga 2526"]
[Site "Germany"]
[Date "2026.03.14"]
[Round "7"]
[Board "2"]
[White "Lanfer, Stefan"]
[Black "Leder, Nils"]
[Result "0-1"]
[WhiteElo "1767"]
[BlackElo "1886"]
[WhiteFideId "-1"]
[BlackFideId "-1"]
[PlyCount "90"]
[GameId "2287859108786319"]
[EventDate "2025.??.??"]
[EventType "team-tourn"]
[EventRounds "9"]
[EventCountry "GER"]
[SourceTitle "Verband Muensterland"]
[SourceDate "2025.11.13"]
[SourceVersion "1"]
[SourceVersionDate "2025.11.13"]
[SourceQuality "1"]
[WhiteTeam "Gescher"]
[BlackTeam "Muenster SK IV"]
[WhiteTeamCountry "GER"]
[BlackTeamCountry "GER"]

1. c4 Nf6 2. Nc3 e5 3. g3 c6 4. e4 d5 5. cxd5 cxd5 6. exd5 Nxd5 7. Bg2 Nb4 8. Be4 Nd3+ 9. Bxd3 Qxd3 10. Qe2 Qxe2+ 11. Ngxe2 Bh3 12. d3 Nc6 13. Be3 O-O-O 14. O-O-O Bf5 15. a3 Bxd3 16. Rd2 Na5 17. Rxd3 Rxd3 18. Bxa7 Nc4 19. Kc2 Rd6 20. Be3 Nxe3+ 21. fxe3 Be7 22. e4 Kb8 23. Rf1 f6 24. Nd5 Rc8+ 25. Nec3 Bd8 26. Kb3 Rcc6 27. g4 Rd7 28. Nb5 g6 29. Nbc3 Rf7 30. Kc2 Rd6 31. Kd3 Re6 32. a4 Re8 33. Nb5 Ref8 34. Nd6 Rd7 35. Nb5 f5 36. gxf5 gxf5 37. Rc1 Rg8 38. Rf1 fxe4+ 39. Kxe4 Rg4+ 40. Kf5 Rf7+ 41. Kxg4 Rxf1 42. Nbc3 Rf2 43. b4 Rxh2 44. Kf5 h5 45. Kxe5 Rg2 0-1

[Event "Muensterland Verbandsliga 2526"]
[Site "Germany"]
[Date "2026.03.14"]
[Round "7"]
[Board "3"]
[White "Voß, Norbert"]
[Black "Iking, Bernhard"]
[Result "1/2-1/2"]
[WhiteElo "1881"]
[BlackElo "1828"]
[WhiteFideId "-1"]
[BlackFideId "-1"]
[PlyCount "29"]
[GameId "2287865695776924"]
[EventDate "2025.??.??"]
[EventType "team-tourn"]
[EventRounds "9"]
[EventCountry "GER"]
[SourceTitle "Verband Muensterland"]
[SourceDate "2025.11.13"]
[SourceVersion "1"]
[SourceVersionDate "2025.11.13"]
[SourceQuality "1"]
[WhiteTeam "Muenster SK IV"]
[BlackTeam "Gescher"]
[WhiteTeamCountry "GER"]
[BlackTeamCountry "GER"]

1. d4 d5 2. Nf3 Nf6 3. g3 Bf5 4. Bg2 e6 5. O-O h6 6. c4 dxc4 7. Nbd2 c5 8. Nxc4 Nc6 9. dxc5 Qxd1 10. Rxd1 Bxc5 11. Nfe5 Nxe5 12. Nxe5 Be4 13. Nd7 Bxg2 14. Nxf6+ gxf6 15. Kxg2 1/2-1/2

[Event "Muensterland Verbandsliga 2526"]
[Site "Germany"]
[Date "2026.03.14"]
[Round "7"]
[Board "4"]
[White "Lanfer, Stefanie"]
[Black "Vogenauer, Nikolas"]
[Result "0-1"]
[WhiteElo "1806"]
[BlackElo "1868"]
[WhiteFideId "-1"]
[BlackFideId "-1"]
[PlyCount "77"]
[GameId "2287863327068310"]
[EventDate "2025.??.??"]
[EventType "team-tourn"]
[EventRounds "9"]
[EventCountry "GER"]
[SourceTitle "Verband Muensterland"]
[SourceDate "2025.11.13"]
[SourceVersion "1"]
[SourceVersionDate "2025.11.13"]
[SourceQuality "1"]
[WhiteTeam "Gescher"]
[BlackTeam "Muenster SK IV"]
[WhiteTeamCountry "GER"]
[BlackTeamCountry "GER"]

1. e4 c5 2. Nf3 d6 3. Bb5+ Bd7 4. Bxd7+ Nxd7 5. d4 cxd4 6. Nxd4 Ngf6 7. Nc3 g6 8. Be3 Bg7 9. f3 Rc8 10. Qd2 Ne5 11. b3 O-O 12. O-O a6 13. Nce2 d5 14. Bf4 Nh5 15. Bh6 dxe4 16. Bxg7 Kxg7 17. fxe4 Qb6 18. Kh1 Rcd8 19. Qc3 f6 20. Rad1 Rd6 21. Qh3 Kg8 22. c3 Rfd8 23. g4 Ng7 24. Qg3 Nf7 25. g5 Nxg5 26. e5 fxe5 27. Qxg5 exd4 28. Qxe7 Qc6+ 29. Kg1 Nf5 30. Qg5 Qe4 31. Nxd4 Qe3+ 32. Qxe3 Nxe3 33. Rde1 Nxf1 34. Kxf1 Rf8+ 35. Kg2 Rc8 36. Re3 b5 37. Ne2 Rd2 38. a4 bxa4 39. bxa4 0-1

[Event "Muensterland Verbandsliga 2526"]
[Site "Germany"]
[Date "2026.03.14"]
[Round "7"]
[Board "5"]
[White "Schulz, Stefan"]
[Black "Robers, Frank"]
[Result "1/2-1/2"]
[WhiteElo "1859"]
[BlackElo "1679"]
[WhiteFideId "-1"]
[BlackFideId "-1"]
[PlyCount "107"]
[GameId "2287856212017290"]
[EventDate "2025.??.??"]
[EventType "team-tourn"]
[EventRounds "9"]
[EventCountry "GER"]
[SourceTitle "Verband Muensterland"]
[SourceDate "2025.11.13"]
[SourceVersion "1"]
[SourceVersionDate "2025.11.13"]
[SourceQuality "1"]
[WhiteTeam "Muenster SK IV"]
[BlackTeam "Gescher"]
[WhiteTeamCountry "GER"]
[BlackTeamCountry "GER"]

1. d4 Nf6 2. Nf3 e6 3. c4 b6 4. g3 Bb7 5. Bg2 Bb4+ 6. Bd2 Be7 7. O-O Ne4 8. Nc3 f5 9. Qc2 O-O 10. Rfd1 Nxc3 11. Bxc3 d6 12. Ne1 Bxg2 13. Nxg2 Qe8 14. e4 Nd7 15. d5 fxe4 16. dxe6 Nc5 17. Nf4 Bf6 18. Nd5 Rc8 19. Re1 Bxc3 20. Nxc3 Qxe6 21. Nxe4 Nxe4 22. Qxe4 Qxe4 23. Rxe4 Rce8 24. Rae1 Rxe4 25. Rxe4 Kf7 26. f4 Rd8 27. Kf2 c5 28. g4 d5 29. cxd5 Rxd5 30. Ke2 Rd6 31. h4 Rh6 32. h5 g6 33. hxg6+ hxg6 34. Kd3 Rh2 35. Re2 Rh3+ 36. Ke4 Rg3 37. g5 Ke6 38. f5+ Kf7 39. Kf4 Rg1 40. f6 Rf1+ 41. Kg3 Rg1+ 42. Rg2 Rf1 43. Kg4 Ra1 44. b3 Re1 45. Kf3 Re5 46. Kf4 Re1 47. Rg3 Rc1 48. Ke5 c4 49. Kd4 cxb3 50. axb3 Rc5 51. b4 Rf5 52. Rg4 a5 53. bxa5 bxa5 54. Kc4 1/2-1/2

[Event "Muensterland Verbandsliga 2526"]
[Site "Germany"]
[Date "2026.03.14"]
[Round "7"]
[Board "6"]
[White "Priebs, Ludger"]
[Black "Voß, Andreas"]
[Result "1/2-1/2"]
[WhiteElo "1749"]
[BlackElo "1828"]
[WhiteFideId "-1"]
[BlackFideId "-1"]
[PlyCount "43"]
[GameId "2287864859402393"]
[EventDate "2025.??.??"]
[EventType "team-tourn"]
[EventRounds "9"]
[EventCountry "GER"]
[SourceTitle "Verband Muensterland"]
[SourceDate "2025.11.13"]
[SourceVersion "1"]
[SourceVersionDate "2025.11.13"]
[SourceQuality "1"]
[WhiteTeam "Gescher"]
[BlackTeam "Muenster SK IV"]
[WhiteTeamCountry "GER"]
[BlackTeamCountry "GER"]

1. d4 f5 2. Bg5 g6 3. Nc3 Bg7 4. e4 d6 5. Nf3 Nf6 6. Bb5+ c6 7. Bd3 fxe4 8. Nxe4 Qa5+ 9. c3 Bg4 10. Bxf6 Bxf6 11. Nxf6+ exf6 12. O-O O-O 13. Qb3+ Rf7 14. Bc4 d5 15. Be2 Qb6 16. h3 Bf5 17. Nd2 Nd7 18. g4 Be6 19. Qc2 Re7 20. Bd3 Kg7 21. Rae1 Rae8 22. Nf3 1/2-1/2

[Event "Muensterland Verbandsliga 2526"]
[Site "Germany"]
[Date "2026.03.14"]
[Round "7"]
[Board "7"]
[White "Boerger, Andreas"]
[Black "Buening, Dennis"]
[Result "1-0"]
[WhiteElo "1763"]
[BlackElo "1557"]
[WhiteFideId "-1"]
[BlackFideId "-1"]
[PlyCount "57"]
[GameId "2287853746925701"]
[EventDate "2025.??.??"]
[EventType "team-tourn"]
[EventRounds "9"]
[EventCountry "GER"]
[SourceTitle "Verband Muensterland"]
[SourceDate "2025.11.13"]
[SourceVersion "1"]
[SourceVersionDate "2025.11.13"]
[SourceQuality "1"]
[WhiteTeam "Muenster SK IV"]
[BlackTeam "Gescher"]
[WhiteTeamCountry "GER"]
[BlackTeamCountry "GER"]

1. e4 e5 2. c4 Bc5 3. Nc3 Nf6 4. d3 d6 5. h3 Nc6 6. g3 Nd4 7. Bg2 c6 8. Nge2 a6 9. O-O b5 10. Nxd4 Bxd4 11. Ne2 Qb6 12. Nxd4 exd4 13. b3 O-O 14. Bf4 Ne8 15. a4 Bb7 16. e5 dxe5 17. Bxe5 f6 18. Bf4 Nc7 19. Bd6 Rfe8 20. a5 Qa7 21. Bxc7 Qc5 22. Re1 Qb4 23. Rxe8+ Rxe8 24. cxb5 Qxb5 25. Qc2 Re6 26. Qc4 Qxc4 27. bxc4 Re7 28. Bd6 Rd7 29. Bc5 1-0

[Event "Muensterland Verbandsliga 2526"]
[Site "Germany"]
[Date "2026.03.14"]
[Round "7"]
[Board "8"]
[White "Schweigert, Carsten"]
[Black "Schoepper, Oliver"]
[Result "0-1"]
[WhiteElo "1397"]
[BlackElo "1729"]
[WhiteFideId "-1"]
[BlackFideId "-1"]
[PlyCount "80"]
[GameId "2290172483179699"]
[EventDate "2025.??.??"]
[EventType "team-tourn"]
[EventRounds "9"]
[EventCountry "GER"]
[SourceTitle "Verband Muensterland"]
[SourceDate "2025.11.13"]
[SourceVersion "1"]
[SourceVersionDate "2025.11.13"]
[SourceQuality "1"]
[WhiteTeam "Gescher"]
[BlackTeam "Muenster SK IV"]
[WhiteTeamCountry "GER"]
[BlackTeamCountry "GER"]

1. e4 Nf6 2. Nc3 d5 3. d3 dxe4 4. Bg5 Bg4 5. f3 exf3 6. Nxf3 e6 7. Be2 Nc6 8. O-O Be7 9. Qd2 h6 10. Bxf6 Bxf6 11. Rad1 O-O 12. h3 Bh5 13. Nh2 Bg5 14. Qe1 Bxe2 15. Qxe2 Nd4 16. Qf2 Nf5 17. Rde1 Bh4 18. Qf4 Bg3 19. Qf3 Qd4+ 20. Kh1 Bxe1 21. Rxe1 Qh4 22. Re3 Nxe3 23. Qxe3 Rfd8 24. Nf3 Qf6 25. d4 Qg6 26. Qf2 f6 27. Nh4 Qf7 28. Ne4 Rd5 29. g4 Rad8 30. c3 b6 31. b4 e5 32. Nf5 exd4 33. cxd4 Qe8 34. Nxh6+ Kh8 35. Nxf6 gxf6 36. Qxf6+ Kh7 37. Nf5 Qe4+ 38. Kh2 Qf4+ 39. Kg2 Rxf5 40. gxf5 Rg8+ 0-1

[Event "Muensterland Verbandsliga 2526"]
[Site "Germany"]
[Date "2026.03.14"]
[Round "7"]
[Board "1"]
[White "Frie, Michael"]
[Black "Weist, Thorsten"]
[Result "0-1"]
[WhiteElo "1858"]
[BlackElo "1734"]
[WhiteFideId "-1"]
[BlackFideId "-1"]
[PlyCount "94"]
[GameId "2290172460008480"]
[EventDate "2025.??.??"]
[EventType "team-tourn"]
[EventRounds "9"]
[EventCountry "GER"]
[SourceTitle "Verband Muensterland"]
[SourceDate "2025.11.13"]
[SourceVersion "1"]
[SourceVersionDate "2025.11.13"]
[SourceQuality "1"]
[WhiteTeam "Muenster Indische Dame"]
[BlackTeam "Emsdetten Rochade II"]
[WhiteTeamCountry "GER"]
[BlackTeamCountry "GER"]

1. e4 c5 2. Nc3 Nc6 3. g3 g6 4. Bg2 Bg7 5. f4 d6 6. Nf3 Nf6 7. d3 Bg4 8. h3 Bd7 9. Ne2 Rc8 10. c3 e6 11. Qc2 b5 12. Be3 Qe7 13. O-O O-O 14. Bf2 b4 15. g4 h6 16. Bh4 Qe8 17. Rae1 Ne7 18. Bg3 Ba4 19. b3 Bc6 20. Nd2 Qd7 21. Nc4 Bb7 22. Qd2 Nc6 23. cxb4 cxb4 24. Ne3 a5 25. Bf2 Ne8 26. Nc4 Qe7 27. d4 d5 28. Nb6 Rd8 29. e5 Ba6 30. Rc1 Qb7 31. Na4 Rc8 32. Nc5 Qa7 33. f5 g5 34. f6 Nxf6 35. exf6 Bxf6 36. Nxa6 Qxa6 37. Be3 Bg7 38. Rc5 Na7 39. Rfc1 Nb5 40. Qd3 Rb8 41. Bf1 Qb7 42. Bf2 Nd6 43. Bg3 Ne4 44. Bxb8 Nxc5 45. Rxc5 Qxb8 46. Rxa5 e5 47. dxe5 Qb6+ 0-1

[Event "Muensterland Verbandsliga 2526"]
[Site "Germany"]
[Date "2026.03.14"]
[Round "7"]
[Board "2"]
[White "Noering, Andreas"]
[Black "Langheinrich, Joern"]
[Result "1/2-1/2"]
[WhiteElo "1802"]
[BlackElo "1831"]
[WhiteFideId "-1"]
[BlackFideId "-1"]
[PlyCount "48"]
[GameId "2290172460008482"]
[EventDate "2025.??.??"]
[EventType "team-tourn"]
[EventRounds "9"]
[EventCountry "GER"]
[SourceTitle "Verband Muensterland"]
[SourceDate "2025.11.13"]
[SourceVersion "1"]
[SourceVersionDate "2025.11.13"]
[SourceQuality "1"]
[WhiteTeam "Emsdetten Rochade II"]
[BlackTeam "Muenster Indische Dame"]
[WhiteTeamCountry "GER"]
[BlackTeamCountry "GER"]

1. e4 c5 2. Nf3 d6 3. d4 cxd4 4. Nxd4 Nf6 5. Nc3 a6 6. Be2 e5 7. Nb3 Be6 8. Be3 Nbd7 9. f3 Be7 10. O-O O-O 11. Qd2 b5 12. Rfd1 Rc8 13. Rac1 Nb6 14. a3 Qc7 15. Na5 d5 16. exd5 Nfxd5 17. Nxd5 Nxd5 18. Bf2 Rfd8 19. Qe1 b4 20. Nc4 f6 21. axb4 Nxb4 22. Rxd8+ Rxd8 23. b3 Bf5 24. Ne3 Be6 1/2-1/2

[Event "Muensterland Verbandsliga 2526"]
[Site "Germany"]
[Date "2026.03.14"]
[Round "7"]
[Board "3"]
[White "Diersen, Joerg"]
[Black "Lehmann, Mona"]
[Result "0-1"]
[WhiteElo "1795"]
[BlackElo "1869"]
[WhiteFideId "-1"]
[BlackFideId "-1"]
[PlyCount "62"]
[GameId "2290172460008484"]
[EventDate "2025.??.??"]
[EventType "team-tourn"]
[EventRounds "9"]
[EventCountry "GER"]
[SourceTitle "Verband Muensterland"]
[SourceDate "2025.11.13"]
[SourceVersion "1"]
[SourceVersionDate "2025.11.13"]
[SourceQuality "1"]
[WhiteTeam "Muenster Indische Dame"]
[BlackTeam "Emsdetten Rochade II"]
[WhiteTeamCountry "GER"]
[BlackTeamCountry "GER"]

1. e4 c5 2. Nf3 Nc6 3. d4 cxd4 4. Nxd4 g6 5. c4 Bg7 6. Be3 Nf6 7. Nc3 O-O 8. Be2 Nxd4 9. Bxd4 b6 10. e5 Ne8 11. Bf3 Rb8 12. O-O Nc7 13. Nd5 Ne6 14. Bc3 Bb7 15. Re1 Re8 16. Qd2 Rc8 17. b3 Bc6 18. Rad1 h5 19. Be4 Nc5 20. Bc2 Bxd5 21. cxd5 d6 22. Ba1 dxe5 23. Bxe5 Bxe5 24. Rxe5 Qd6 25. Rde1 Qf6 26. d6 Red8 27. Rxe7 Rxd6 28. Qh6 Ne6 29. Rxa7 Rxc2 30. Ra8+ Rd8 31. Rxd8+ Qxd8 0-1

[Event "Muensterland Verbandsliga 2526"]
[Site "Germany"]
[Date "2026.03.14"]
[Round "7"]
[Board "4"]
[White "Luecke, Thomas"]
[Black "Brambrink, Ulf"]
[Result "1-0"]
[WhiteElo "1883"]
[BlackElo "1790"]
[WhiteFideId "-1"]
[BlackFideId "-1"]
[PlyCount "50"]
[GameId "2290172460008486"]
[EventDate "2025.??.??"]
[EventType "team-tourn"]
[EventRounds "9"]
[EventCountry "GER"]
[SourceTitle "Verband Muensterland"]
[SourceDate "2025.11.13"]
[SourceVersion "1"]
[SourceVersionDate "2025.11.13"]
[SourceQuality "1"]
[WhiteTeam "Emsdetten Rochade II"]
[BlackTeam "Muenster Indische Dame"]
[WhiteTeamCountry "GER"]
[BlackTeamCountry "GER"]

1. d4 Nf6 2. Nc3 d5 3. Bf4 c5 4. e3 a6 5. dxc5 Nc6 6. Nf3 Bg4 7. h3 Bxf3 8. Qxf3 e6 9. O-O-O Bxc5 10. Kb1 Bb4 11. Ne2 Ne4 12. c3 Bd6 13. Bxd6 Nxd6 14. Nf4 Ne5 15. Qe2 Ne4 16. Qc2 Qb6 17. Nxd5 exd5 18. Rxd5 Nxc3+ 19. Qxc3 Qg6+ 20. Qc2 Nc6 21. Qxg6 hxg6 22. Be2 Rc8 23. Rc1 Ke7 24. a3 f6 25. Bg4 Ne5 1-0

[Event "Muensterland Verbandsliga 2526"]
[Site "Germany"]
[Date "2026.03.14"]
[Round "7"]
[Board "6"]
[White "Colmer, Willi"]
[Black "Glotzbach, Thomas"]
[Result "1/2-1/2"]
[WhiteElo "1749"]
[BlackElo "1757"]
[WhiteFideId "-1"]
[BlackFideId "-1"]
[PlyCount "43"]
[GameId "2290172460008490"]
[EventDate "2025.??.??"]
[EventType "team-tourn"]
[EventRounds "9"]
[EventCountry "GER"]
[SourceTitle "Verband Muensterland"]
[SourceDate "2025.11.13"]
[SourceVersion "1"]
[SourceVersionDate "2025.11.13"]
[SourceQuality "1"]
[WhiteTeam "Emsdetten Rochade II"]
[BlackTeam "Muenster Indische Dame"]
[WhiteTeamCountry "GER"]
[BlackTeamCountry "GER"]

1. d4 Nf6 2. c4 e6 3. Nc3 d5 4. cxd5 exd5 5. Bg5 Be7 6. Nf3 c6 7. Qc2 h6 8. Bh4 Be6 9. e3 Nbd7 10. Bd3 c5 11. O-O a6 12. Bf5 Bxf5 13. Qxf5 g6 14. Qc2 b5 15. Ne5 g5 16. Nc6 Qb6 17. Nxe7 Kxe7 18. Bg3 Qc6 19. Rfe1 Kf8 20. Rac1 Rc8 21. Qf5 Qe6 22. Qxe6 1/2-1/2

[Event "Muensterland Verbandsliga 2526"]
[Site "Germany"]
[Date "2026.03.14"]
[Round "7"]
[Board "7"]
[White "Tenberge, Norbert"]
[Black "Gerighausen, Karl Heinz"]
[Result "1/2-1/2"]
[WhiteElo "1702"]
[BlackElo "1639"]
[WhiteFideId "-1"]
[BlackFideId "-1"]
[PlyCount "47"]
[GameId "2290172460008492"]
[EventDate "2025.??.??"]
[EventType "team-tourn"]
[EventRounds "9"]
[EventCountry "GER"]
[SourceTitle "Verband Muensterland"]
[SourceDate "2025.11.13"]
[SourceVersion "1"]
[SourceVersionDate "2025.11.13"]
[SourceQuality "1"]
[WhiteTeam "Muenster Indische Dame"]
[BlackTeam "Emsdetten Rochade II"]
[WhiteTeamCountry "GER"]
[BlackTeamCountry "GER"]

1. d4 d5 2. c4 e6 3. Nc3 Nf6 4. cxd5 exd5 5. Bg5 Be7 6. e3 h6 7. Bh4 c6 8. Qc2 Nbd7 9. Bd3 O-O 10. Nf3 Nh5 11. Bxe7 Qxe7 12. O-O Nhf6 13. Rab1 Re8 14. b4 a6 15. a4 Ne4 16. b5 Nxc3 17. Qxc3 c5 18. bxa6 bxa6 19. Rfe1 Qd6 20. Rb2 c4 21. Bc2 Qc7 22. e4 Bb7 23. e5 Rab8 24. Reb1 1/2-1/2

[Event "Muensterland Verbandsliga 2526"]
[Site "Germany"]
[Date "2026.03.14"]
[Round "7"]
[Board "8"]
[White "Schulte, Ralf"]
[Black "Pehle, Raphael"]
[Result "1-0"]
[WhiteElo "1745"]
[BlackElo "1503"]
[WhiteFideId "-1"]
[BlackFideId "-1"]
[PlyCount "57"]
[GameId "2290172460008494"]
[EventDate "2025.??.??"]
[EventType "team-tourn"]
[EventRounds "9"]
[EventCountry "GER"]
[SourceTitle "Verband Muensterland"]
[SourceDate "2025.11.13"]
[SourceVersion "1"]
[SourceVersionDate "2025.11.13"]
[SourceQuality "1"]
[WhiteTeam "Emsdetten Rochade II"]
[BlackTeam "Muenster Indische Dame"]
[WhiteTeamCountry "GER"]
[BlackTeamCountry "GER"]

1. d4 d5 2. Nf3 e6 3. c4 c5 4. cxd5 exd5 5. Nc3 Nc6 6. h3 c4 7. Qc2 Bb4 8. a3 Bxc3+ 9. bxc3 Nge7 10. Bg5 Bf5 11. Qb2 b6 12. e3 O-O 13. Be2 Na5 14. Nd2 Re8 15. O-O Qd7 16. Bf3 Rac8 17. Rfe1 h6 18. Bf4 g5 19. Bg3 g4 20. hxg4 Bxg4 21. e4 h5 22. Re3 Ng6 23. Rae1 h4 24. Bh2 h3 25. Bxg4 Qxg4 26. Rxh3 dxe4 27. Qb5 Kg7 28. Rg3 Qh5 29. Qxh5 1-0

[Event "Muensterland Verbandsliga 2526"]
[Site "Germany"]
[Date "2026.04.25"]
[Round "8"]
[Board "1"]
[White "Kluczka, Konrad"]
[Black "Hofene, Dieter"]
[Result "0-1"]
[WhiteElo "1809"]
[BlackElo "1951"]
[WhiteFideId "-1"]
[BlackFideId "-1"]
[PlyCount "46"]
[GameId "2303126980133144"]
[EventDate "2025.??.??"]
[EventType "team-tourn"]
[EventRounds "9"]
[EventCountry "GER"]
[SourceTitle "Verband Muensterland"]
[SourceDate "2025.11.13"]
[SourceVersion "1"]
[SourceVersionDate "2025.11.13"]
[SourceQuality "1"]
[WhiteTeam "Muenster Indische Dame"]
[BlackTeam "Beelen"]
[WhiteTeamCountry "GER"]
[BlackTeamCountry "GER"]

1. e4 e6 2. Nc3 d5 3. Nf3 Be7 4. d4 Nf6 5. Bd3 b6 6. e5 Nfd7 7. Ne2 Ba6 8. c3 Bxd3 9. Qxd3 c5 10. O-O Nc6 11. a3 Na5 12. Nd2 Rc8 13. Qg3 Kf8 14. f4 g6 15. Qh3 Kg7 16. g4 h5 17. f5 hxg4 18. f6+ Bxf6 19. exf6+ Nxf6 20. Qg3 Qe7 21. Rxf6 Qxf6 22. Qxg4 Rxh2 23. Nf4 Rh4 0-1